Valuation standards: a comparison of four European countries (Record no. 70034)
[ view plain ]
| 000 -LEADER | |
|---|---|
| fixed length control field | 01657cam a2200289 4500 |
| 001 - CONTROL NUMBER | |
| control field | ABS65455 |
| 008 - FIXED-LENGTH DATA ELEMENTS--GENERAL INFORMATION | |
| fixed length control field | 020422n2002 000 0 eng u |
| 035 ## - SYSTEM CONTROL NUMBER | |
| System control number | (Sirsi) u117613 |
| 100 ## - MAIN ENTRY--PERSONAL NAME | |
| Personal name | McParland, C. |
| 245 ## - TITLE STATEMENT | |
| Title | Valuation standards: a comparison of four European countries |
| 260 ## - PUBLICATION, DISTRIBUTION, ETC. | |
| Date of publication, distribution, etc. | 2002 |
| 490 ## - SERIES STATEMENT | |
| Series statement | Journal of Property Investment and Finance |
| Volume/sequential designation | 20(2) 2002, 127-141(15) |
| 520 ## - SUMMARY, ETC. | |
| Summary, etc. | Outlines the case for the harmonisation of European investment valuation standards. Specific attention focuses upon the national valuation standards within Sweden, The Netherlands, Germany and France with a view to assessing the prospects for uniformly accepted European investment valuation standards. Current practice and perceptions from interviews with 110 valuers are analysed. Educational background and professional training are shown to be influential in decisions upon whether to use national standards, TEGOVA standards or the RICS Red Book. The advent of property performance index series is shown to be a major factor influencing the harmonisation of valuation methods and standards. Conclusions reflect upon the variation between the four countries and the limited progress on the adoption of harmonised standards in Europe. References. [TAKEN FROM JOURNAL HEADNOTE] |
| 590 ## - LOCAL NOTE (RLIN) | |
| Local note | ABS |
| 650 ## - SUBJECT ADDED ENTRY--TOPICAL TERM | |
| Topical term or geographic name entry element | EUROPE |
| 650 ## - SUBJECT ADDED ENTRY--TOPICAL TERM | |
| Topical term or geographic name entry element | VALUATION STANDARDS |
| 650 ## - SUBJECT ADDED ENTRY--TOPICAL TERM | |
| Topical term or geographic name entry element | METHODS OF VALUATION |
| 650 ## - SUBJECT ADDED ENTRY--TOPICAL TERM | |
| Topical term or geographic name entry element | INVESTMENT APPRAISAL |
| 650 ## - SUBJECT ADDED ENTRY--TOPICAL TERM | |
| Topical term or geographic name entry element | NETHERLANDS |
| 650 ## - SUBJECT ADDED ENTRY--TOPICAL TERM | |
| Topical term or geographic name entry element | FRANCE |
| 650 ## - SUBJECT ADDED ENTRY--TOPICAL TERM | |
| Topical term or geographic name entry element | SWEDEN |
| 650 ## - SUBJECT ADDED ENTRY--TOPICAL TERM | |
| Topical term or geographic name entry element | GERMANY |
| 690 ## - LOCAL SUBJECT ADDED ENTRY--TOPICAL TERM (OCLC, RLIN) | |
| Topical term or geographic name as entry element | PROPERTY-PROPERTY APPRAISAL AND VALUATION |
| 700 ## - ADDED ENTRY--PERSONAL NAME | |
| Personal name | Adair, A. |
| 700 ## - ADDED ENTRY--PERSONAL NAME | |
| Personal name | McGreal, S. |
| 942 ## - ADDED ENTRY ELEMENTS (KOHA) | |
| Suppress in OPAC | 0 |
| Withdrawn status | Lost status | Source of classification or shelving scheme | Damaged status | Not for loan | Home library | Current library | Shelving location | Date acquired | Total Checkouts | Full call number | Barcode | Date last seen | Copy number | Price effective from | Koha item type |
|---|---|---|---|---|---|---|---|---|---|---|---|---|---|---|---|
| Dewey Decimal Classification | London | London | Journal article | 22/04/2002 | ABS65455 | 117613-1001 | 06/08/2019 | 1 | 06/08/2019 | Journal article |